| 000 | 01670nam a2200361 a 4500 | ||
|---|---|---|---|
| 001 | 33751 | ||
| 003 | BD-RjUL | ||
| 005 | 20211209052044.0 | ||
| 008 | 140511s1979 ne a b 100 0 eng | ||
| 035 | _a(BD-RjUL)33842 | ||
| 040 |
_aDLC _cDLC _dBD-RjUL _beng |
||
| 041 | _aeng | ||
| 082 | 0 | 0 |
_a304.632072 _219 _bUNR 1979 |
| 111 | 2 |
_aRegional Workshop on Techniques of Analysis of World Fertility Survey Data _d(1978 : _cBombay, India) _9102485 |
|
| 245 | 1 | 0 |
_aRegional Workshop on Techniques of Analysis of World Fertility Survey Data : _breport and selected papers / |
| 246 | 3 | 0 | _aReport and selected papers. |
| 260 | 0 |
_aVoorburg, Netherlands : _bInternational Statistical Institute ; _aLondon : _bWorld Fertility Survey, _c1979 |
|
| 300 |
_a176 p. : _bill. ; _c24 cm. |
||
| 490 | 1 |
_aOccasional papers / World Fertility Survey ; _vno. 22 |
|
| 500 | _a"Organised by the Economic and Social Commission for Asia and the Pacific in co-operation with the World Fertility Survey and the International Institute for Population Studies." | ||
| 500 | _a"Essentially a reprint of "Asian Population Studies Series, No. 44", of the ESCAP"--P. 5. | ||
| 504 | _aIncludes bibliographies. | ||
| 610 | 2 | 0 |
_aWorld Fertility Survey _9102486 |
| 650 | 0 |
_aFertility, Human _vCongresses. _9102472 |
|
| 830 | 0 |
_vno. 22. _9102487 |
|
| 710 | 2 | 0 |
_aUnited Nations. _bEconomic and Social Commission for Asia and the Pacific. _94461 |
| 710 | 2 | 0 |
_aWorld Fertility Survey. _9102474 |
| 710 | 2 | 0 |
_aInternational Institute for Population Studies. _9102475 |
| 830 | 0 |
_aOccasional papers (World Fertility Survey) ; _9102488 |
|
| 942 |
_2ddc _cBK |
||
| 999 |
_c33751 _d33751 |
||